000 01367nam0a2200301 4500
001 RU\NLR\bibl\5587
005 20250615005515.0
010 _a5-7558-0239-4
_91000
021 _aRU
_b98-7265
_9348
035 _a(NLR Aleph) 000005442
090 _a15396
_c15396
100 _a19980901d1997 |||y0rusy50 ca
101 0 _arus
102 _aRU
105 _a|||||||||||||
200 1 _aРешение физических задач с помощью компьютера в средней школе
_e[Учеб. пособие по физике и информатике]
_fПетросян В.Г.
_gМ-во общ. и проф. образования Рос. Федерации, Кабрд.-Балк. гос. ун-т им. Х.М. Бербекова
210 _aНальчик
_cКБГУ
_d1997
215 _a142 с.
_cил.
_d20
606 0 _aФизика
_xЗадачи
_xРешение
_xПрименение счетных машин
_91884463
_3RU\NLR\auth\661146978
606 0 _aФизика
_xЗадачи
_xРешение на компьютерах
_92088616
_3RU\NLR\auth\661264394
686 _aВ3с21
700 1 _aПетросян
_bВ. Г.
_gВалерий Гургенович
_4070
801 0 _aRU
_bNLR
_c19980901
_gPSBO
801 1 _aRU
_bNLR
_c19980901
830 _aАвт. раскрыт по кн.
852 _aNLR
_j98-3/3321
942 _cBOOK
980 _aNB